00783nam a2200157Ia 4500008004100000020001800041082001700059100003300076245018500109260002400294300001100318650009400329952009100423952009400514999001700608120622s9999 xx 000 0 und d a968-38-1101-9 a302.23 M917p aMota Oreja, Ignacio H. de la aLos profesionales del poder y la comunicación de masas : manual para políticos, comunicólogos, publirrelacionistas y empresarios u hombres de negocios / Ignacio H. de la Mota aMéxico : Panorama a123 p. a1. MEDIOS DE COMUNICACION DE MASAS - ASPECTOS POLITICOS \ 2. PODER (CIENCIAS SOCIALES)Ì 00104070a01b01d2007-01-25l0o302.23 M917Pp01 007927r2012-06-24w2012-06-24yLB 00104070a01b01d2007-01-25l0o302.23 M917Pp01 007974r2012-06-24t2w2012-06-24yLB c55361d55361